| 000 | 00717nam a2200217Ia 4500 | ||
|---|---|---|---|
| 005 | 20230210140821.0 | ||
| 008 | 210716s2003 xx 000 0 und d | ||
| 020 | _a0070483884 | ||
| 040 | _cAIMIT LIBRARY | ||
| 041 | _aeng | ||
| 082 |
_a658.1599 _21 _bAPTP |
||
| 100 |
_aApte, Prakash G. _971834 |
||
| 245 |
_aInternationl finance : _ba business perspective / _cBy Prakash G Apte. |
||
| 250 | _a1st ed. | ||
| 260 |
_aNew Delhi : _bTata McGraw Hill Publishing Company Ltd , _c2003. |
||
| 300 |
_axii,444p. ; _bPB _c23.5 cm |
||
| 650 |
_aGlobal financial environment _971835 |
||
| 650 |
_aUnderstanding financial risk _971836 |
||
| 650 |
_aWhat moves exchange rates _971837 |
||
| 942 |
_2ddc _cBK _e1st _k658.1599 APTP |
||
| 999 |
_c197611 _d197611 |
||